000
00169 a2200097 4500
020
_a
030099420595
041
_a
eng
100
_a
Anonimo
245
_a
Heidi
942
_c
BK
999
_c
11610
_d
11610